000 00889cam a2200241 a 4500
001 000006034
005 20200929151908.0
008 870310s1985 cu ac 000 0 spa d
040 _aDO-SdBNP
_bspa
_cBNPHU
082 _aCu860.9
_bB518q
100 1 _aBernard, Jorge L.,
_d1938-
_917014
245 1 0 _aQuiénes escriben en Cuba /
_cJorge L. Bernard y Juan A. Pola ; edición Daisy Valls.
260 _aLa Habana :
_bLetras Cubanas,
_c1985.
300 _a591 p. :
_bil., retrs. ;
_c24 cm.
490 1 _aResponden los narradores
504 _aIncluye referencias bibliográficas.
650 4 _aLiteratura cubana
_xHistoria y crítica
_95687
650 4 _aEscritores cubanos
_xCrítica e interpretación
_917015
650 4 _aAutores cubanos
_ySIGLO XX
_xEntrevistas
_917016
700 1 _aPola, Juan A.
_917017
700 1 _aValls, Daisy,
_eed.
_917018
830 0 _aResponden los narradores
_917019
999 _c5830
_d5830